| 000 | 01247nam a2200289 a 4500 | ||
|---|---|---|---|
| 001 | BRCA_2254 | ||
| 005 | 20190320203731.0 | ||
| 008 | 041102s2002 sp-a---##b---#001-0#spa-# | ||
| 020 | _a849600810X | ||
| 040 |
_aDLC _cDLC _dDLC |
||
| 050 | 4 |
_aPA8518.E7 _b.E73 2002 |
|
| 245 | 1 | 0 |
_aErasmo en España _bla recepción del humanismo en el primer renacimiento español _cdirección, Palma Martínez-Burgos García. |
| 260 |
_aMadrid _bSociedad Estatal para la Acción Cultural Exterior _c2002 |
||
| 300 |
_a379 p. _bil. (algunas a color) _c29 cm. |
||
| 500 | _aIncluye índice onomástico | ||
| 500 | _aCatálogo de la exposición realizada en las Escuelas Menores de la Universidad de Salamanca (Madrid), 26 septiembre, 2002 - 6 enero, 2003 | ||
| 504 | _aBibliografía: p. 358-371 | ||
| 600 | 1 | 4 |
_aErasmus, Desiderius _d1466-1536 _vExposiciones _xInfluencia _96768 |
| 650 | 1 | 4 |
_aRenacimiento _vExposiciones _zEspaña _96769 |
| 650 | 1 | 4 |
_aReforma _vExposiciones _zEspaña _96770 |
| 650 | 1 | 4 |
_aHumanistas _vExposiciones _zEspaña _96771 |
| 651 | 4 |
_aEspaña _xCivilización _y1516-1700 _96772 |
|
| 700 | 1 |
_aMartínez-Burgos García, Palma _96773 |
|
| 700 | 1 |
_aErasmus, Desiderius _dd. 1536 _96774 |
|
| 710 | 2 |
_aUniversidad de Salamanca _96775 |
|
| 942 |
_2lcc _cB |
||
| 999 |
_c2003 _d2003 |
||